Qualified countries for the quarter-finals of the 2019 Rugby World Cup. - Statistics

General Stats
  • This quiz has been taken 53 times
  • The average score is 8 of 8
Answer Stats
Group Countries % Correct
1st group C England
100%
1st group B New Zealand
100%
2nd group D Australia
98%
2nd group A Ireland
98%
1st group D Wales
98%
2nd group B South Africa
95%
2nd group C France
93%
1st group A Japan
90%
No matching quizzes found
Score Distribution
Percent of People with Each Score
Percentile by Number Answered
Your Score History
You have not taken this quiz